新三井読本

Gespeichert in:
Bibliographische Detailangaben
Körperschaft: 近代経営研究会
Format: Buch
Sprache:Undetermined
Veröffentlicht: 東京 沢書店 1971
Schlagworte:
Tags: Tag hinzufügen
Keine Tags, Fügen Sie den ersten Tag hinzu!
Thư viện lưu trữ: Trung tâm Học liệu Trường Đại học Cần Thơ
LEADER 00512nam a2200205Ia 4500
001 CTU_94931
008 210402s9999 xx 000 0 und d
082 |a 338.8 
082 |b K51 
110 |a 近代経営研究会 
245 0 |a 新三井読本 
245 0 |c 近代経営研究会 
260 |a 東京 
260 |b 沢書店 
260 |c 1971 
650 |a Corporations,Corporations 
650 |x Mitsui 
650 |z Japan 
904 |i Ngoc 
980 |a Trung tâm Học liệu Trường Đại học Cần Thơ